000 00301nam a22001457a 4500
008 210305b ||||| |||| 00| 0 eng d
020 _a9780547618371
041 _aeng
080 _a37
082 _a37
100 _a25
101 _aEDU
245 _aLiterature
_c Mcdogugal,H
942 _2udc
_cBK
999 _c55861
_d55861